000 00392nam a22001337a 4500
008 210824b |||||||| |||| 00| 0 eng d
020 _a1980274087
050 _aQA76.76
_b.H38 2018 c.1
100 _aHaunts, Stephen
245 _aA gentle introduction to agile and lean software development
_cStephen Haunts
260 _aUK
_bStephen Haunts Ltd
_c2018
300 _a200p.
942 _2lcc
_cBK
999 _c19021
_d19021